Fr. Conceicao Rodrigues College of Engineering

Cost Accounts (Record no. 33745)

MARC details
000 -LEADER
fixed length control field 00288nam a2200133Ia 4500
082 ## - DEWEY DECIMAL CLASSIFICATION NUMBER
Classification number 657.42
Item number SHU
100 ## - MAIN ENTRY--PERSONAL NAME
Personal name Shukla/M.C./ Grewal/T.S.
245 ## - TITLE STATEMENT
Title Cost Accounts
260 ## - PUBLICATION, DISTRIBUTION, ETC.
Name of publisher, distributor, etc. S.Chand and Co.
Place of publication, distribution, etc. New Delhi
Date of publication, distribution, etc. 1982
300 ## - PHYSICAL DESCRIPTION
Extent 513
546 ## - LANGUAGE NOTE
Language note ENGLISH
654 ## - SUBJECT ADDED ENTRY--FACETED TOPICAL TERMS
Focus term cost
942 ## - ADDED ENTRY ELEMENTS (KOHA)
Koha item type BOOK
Holdings
Withdrawn status Lost status Damaged status Not for loan Collection Home library Current library Date acquired Cost, normal purchase price Total Checkouts Full call number Barcode Date last seen Cost, replacement price Price effective from Koha item type
        CRC Fr. Agnel's C.Rodrigues College of Engineering Fr. Agnel's C.Rodrigues College of Engineering 17/03/2023 25.00   657.42 SHU 116 17/03/2023 25.00 17/03/2023 BOOK